000
00340nam a2200133Ia 4500
008
151001s9999||||xx |||||||||||||| ||und||
100
_a
मधुकर केचे
245
_a
पालखीच्या संगे
250
_a
1
260
_b
ठाकूर आणि कं
260
_c
1965
300
_a
123
365
_b
18
999
_c
958171
_d
958168